<?xml version="1.0" encoding="UTF-8"?>
<collection xmlns:xsi="http://www.w3.org/2001/XMLSchema-instance" xsi:schemaLocation="http://www.loc.gov/MARC21/slim http://www.loc.gov/standards/marcxml/schema/MARC21slim.xsd" xmlns="http://www.loc.gov/MARC21/slim">
 <record>
  <leader>00000cmm a22000004i 4500</leader>
  <controlfield tag="001">UP-99796217611037276</controlfield>
  <controlfield tag="003">Buklod</controlfield>
  <controlfield tag="005">20131214112511.0</controlfield>
  <controlfield tag="006">m    go  j        </controlfield>
  <controlfield tag="007">cr cn |||aaaaa</controlfield>
  <controlfield tag="008">101029s2011    xx         u |      eng d</controlfield>
  <datafield tag="020" ind1=" " ind2=" ">
   <subfield code="a">9789400700567 (eBook)</subfield>
  </datafield>
  <datafield tag="035" ind1=" " ind2=" ">
   <subfield code="a">(iLib)UPD-00208004578</subfield>
  </datafield>
  <datafield tag="040" ind1=" " ind2=" ">
   <subfield code="a">DLC</subfield>
   <subfield code="d">DML</subfield>
  </datafield>
  <datafield tag="041" ind1="0" ind2=" ">
   <subfield code="a">eng</subfield>
  </datafield>
  <datafield tag="042" ind1=" " ind2=" ">
   <subfield code="a">DMLUC</subfield>
  </datafield>
  <datafield tag="084" ind1=" " ind2=" ">
   <subfield code="a">BP 63.I52</subfield>
   <subfield code="b">W66 2011eb</subfield>
  </datafield>
  <datafield tag="100" ind1="1" ind2=" ">
   <subfield code="a">Woodward, Mark</subfield>
  </datafield>
  <datafield tag="245" ind1="1" ind2="0">
   <subfield code="a">Java, Indonesia and Islam</subfield>
   <subfield code="h">[electronic resource]</subfield>
   <subfield code="c">by Mark Woodward.</subfield>
  </datafield>
  <datafield tag="264" ind1=" " ind2="1">
   <subfield code="a">Dordrecht</subfield>
   <subfield code="a">Netherlands</subfield>
   <subfield code="b">Springer</subfield>
   <subfield code="c">2011.</subfield>
  </datafield>
  <datafield tag="300" ind1=" " ind2=" ">
   <subfield code="a">1 online resource (xiii, 275 p.)</subfield>
   <subfield code="b">col. ill.</subfield>
  </datafield>
  <datafield tag="505" ind1="0" ind2=" ">
   <subfield code="a">1. Religion, Culture and Nationality 2. The Javanese Dukun: Healing and Moral Authority 3. The Slametan: Textual Knowledge and Ritual Performance in Yogyakarta 4. Order and Meaning in the Yogyakarta Kraton 5. The Garebeg Malud: Veneration of the Prophet as Imperial Ritual 6. The Fast of Ramadan in Yogyakarta 7. The Kraton Revolution: Religion, Culture, Regime Change and Democracy in Yogyakarta.</subfield>
  </datafield>
  <datafield tag="506" ind1=" " ind2=" ">
   <subfield code="a">IP-based subscription, access limited to within on-campus network.</subfield>
   <subfield code="c">Access via Electronic Resources of the UPD University Library Website.</subfield>
  </datafield>
  <datafield tag="520" ind1=" " ind2=" ">
   <subfield code="a">Mark R. Woodward's Islam in Java: Normative Piety and Mysticism in the Sultanate of Yogyakarta (1989) was one of the most important works on Indonesian Islam of the era. This new volume builds on the earlier study, but also goes beyond it in important ways. Written on the basis of Woodward's thirty years of research on Javanese Islam in a Yogyakarta (south-central Java) setting, the book presents a much-needed collection of essays concerning Javanese Islamic texts, ritual, sacred space, situated in Javanese and Indonesian political contexts. With a number of entirely new essays as well as significantly revised versions of essays this book is a valuable contribution to the academic community by an eminent anthropologist and key authority on Islamic religion and culture in Java. - Publisher's description.</subfield>
  </datafield>
  <datafield tag="533" ind1=" " ind2=" ">
   <subfield code="a">Electronic reproduction.</subfield>
   <subfield code="b">New York</subfield>
   <subfield code="c">SpringerLink</subfield>
   <subfield code="d">2011.</subfield>
   <subfield code="n">Available via World Wide Web through SpringerLink.</subfield>
  </datafield>
  <datafield tag="650" ind1=" " ind2="0">
   <subfield code="a">Islam</subfield>
   <subfield code="z">Indonesia</subfield>
   <subfield code="z">Java.</subfield>
  </datafield>
  <datafield tag="650" ind1=" " ind2="0">
   <subfield code="a">Java (Indonesia)</subfield>
   <subfield code="x">Religious life and customs.</subfield>
  </datafield>
  <datafield tag="650" ind1=" " ind2="0">
   <subfield code="a">Electronic books.</subfield>
  </datafield>
  <datafield tag="710" ind1="2" ind2=" ">
   <subfield code="a">SpringerLink (Online service).</subfield>
  </datafield>
  <datafield tag="856" ind1="4" ind2="0">
   <subfield code="y">Available for University of the Philippines Diliman via SpringerLink. Click here to access</subfield>
   <subfield code="u">http://link.springer.com/book/10.1007/978-94-007-0056-7</subfield>
  </datafield>
  <datafield tag="905" ind1=" " ind2=" ">
   <subfield code="a">FO</subfield>
  </datafield>
  <datafield tag="950" ind1=" " ind2=" ">
   <subfield code="a">Monograph</subfield>
  </datafield>
  <datafield tag="852" ind1="0" ind2=" ">
   <subfield code="a">UPD</subfield>
   <subfield code="b">DMLR</subfield>
  </datafield>
  <datafield tag="942" ind1=" " ind2=" ">
   <subfield code="a">Electronic Resource</subfield>
  </datafield>
 </record>
</collection>
